[Event "SWE-ch U20"]
[Site "Uppsala"]
[Date "2016.07.20"]
[Round "5"]
[White "Svorono, Gabriel"]
[Black "Astrom, Lars"]
[Result "0-1"]
[WhiteElo "2069"]
[BlackElo "2127"]
[PlyCount "50"]
[EventDate "2016.07.16"]
[EventType "tourn"]
[EventRounds "9"]
[EventCountry "SWE"]
[SourceTitle "CBM 173 Extra"]
[Source "ChessBase"]
[SourceDate "2016.08.29"]
[SourceVersion "1"]
[SourceVersionDate "2016.08.29"]
[SourceQuality "1"]

1. e4 c5 2. Nf3 Nc6 3. d4 cxd4 4. Nxd4 g6 5. c4 Bg7 6. Be3 Nf6 7. Nc3 Ng4 8. Qxg4 Nxd4 9. Qd1 Ne6 10. Qd2 d6 11. Be2 Bd7 12. 0-0 Qa5 13. Rac1 Bc6 14. f3 g5 15. Rfe1 Qe5 16. b4 b6 17. Bd3 h5 18. Nd5 h4 19. Qf2 Rd8 20. Rcd1 Bh6 21. Nc7+ Nxc7 22. Bd4 Qe6 23. Bxh8 f6 24. c5 dxc5 25. Bc4 Rxd1 0-1

[Event "SWE-ch U20"]
[Site "Uppsala"]
[Date "2016.07.17"]
[Round "2"]
[White "Astrom, Lars"]
[Black "Pantzar, Milton"]
[Result "1-0"]
[WhiteElo "2127"]
[BlackElo "2167"]
[PlyCount "135"]
[EventDate "2016.07.16"]
[EventType "tourn"]
[EventRounds "9"]
[EventCountry "SWE"]
[SourceTitle "CBM 173 Extra"]
[Source "ChessBase"]
[SourceDate "2016.08.29"]
[SourceVersion "1"]
[SourceVersionDate "2016.08.29"]
[SourceQuality "1"]

1. e4 e6 2. d4 d5 3. Nd2 Nf6 4. e5 Nfd7 5. f4 c5 6. c3 Nc6 7. Ndf3 cxd4 8. cxd4 a5 9. Bd3 a4 10. Ne2 Nb6 11. 0-0 Bd7 12. Be3 Nb4 13. Qd2 Nxd3 14. Qxd3 Be7 15. Rac1 Nc4 16. b3 axb3 17. axb3 Ra3 18. Ra1 Qa5 19. Rxa3 Nxa3 20. Bd2 Qb5 21. Qxb5 Bxb5 22. Kf2 Bd3 23. Rc1 Kd7 24. Ne1 Bg6 25. Ke3 Ra8 26. Nc3 Rc8 27. Na4 Nc2+ 28. Nxc2 Rxc2 29. Nc5+ Kc6 30. Nd3 Rxc1 31. Bxc1 Kb5 32. Bd2 Be4 33. g3 Bg6 34. Nc5 b6 35. Nd3 h5 36. Bc3 Bf5 37. Bd2 h4 38. Bc3 Bg6 39. Bd2 Bf5 40. Bc3 Bh7 41. Ne1 Be4 42. Nd3 Bxd3 43. Kxd3 h3 44. Bd2 Bb4 45. Bc3 Bxc3 46. Kxc3 Ka5 47. Kc2 Kb4 48. Kb2 g6 49. g4 g5 50. fxg5 Ka5 51. Ka3 Kb5 52. g6 fxg6 53. g5 Ka5 54. b4+ Ka6 55. Ka4 b5+ 56. Kb3 Kb6 57. Kc3 Kc6 58. Kd3 Kd7 59. Ke3 Ke7 60. Kf3 Kf7 61. Kg3 Kg7 62. Kxh3 Kg8 63. Kg4 Kg7 64. h4 Kg8 65. h5 gxh5+ 66. Kxh5 Kg7 67. g6 Kg8 68. Kh4 1-0

[Event "Politiken Cup 37th"]
[Site "Helsingor"]
[Date "2015.07.31"]
[Round "8"]
[White "Louis, Thibault"]
[Black "Astrom, Lars"]
[Result "1-0"]
[WhiteElo "2250"]
[BlackElo "2097"]
[PlyCount "89"]
[EventDate "2015.07.25"]
[EventType "swiss"]
[EventRounds "10"]
[EventCountry "DEN"]
[SourceTitle "CBM 167 Extra"]
[Source "ChessBase"]
[SourceDate "2015.09.14"]
[SourceVersion "1"]
[SourceVersionDate "2015.09.14"]
[SourceQuality "1"]

1. e4 c5 2. Nf3 Nc6 3. Bb5 g6 4. 0-0 Bg7 5. Re1 Nd4 6. Nxd4 cxd4 7. c3 a6 8. Bc4 b5 9. Bb3 e6 10. d3 Ne7 11. cxd4 Bxd4 12. Nc3 Bg7 13. e5 Bb7 14. a4 b4 15. Ne4 Bxe4 16. Rxe4 Nc6 17. d4 0-0 18. Bf4 Ne7 19. d5 Nxd5 20. Bxd5 exd5 21. Qxd5 Qe7 22. Rd1 Qe6 23. Rxb4 Rab8 24. Rxb8 Rxb8 25. Qxd7 Qxd7 26. Rxd7 Re8 27. Rd5 f6 28. Ra5 fxe5 29. Be3 Re6 30. b4 Bf8 31. b5 Rd6 32. g3 axb5 33. axb5 Rd8 34. b6 Bd6 35. Rd5 Kf7 36. Bc5 Ke6 37. Rd1 Bxc5 38. Rxd8 Bxb6 39. Rh8 h5 40. Kg2 Bd4 41. Re8+ Kf7 42. Ra8 Kf6 43. Kf3 e4+ 44. Kxe4 Bxf2 45. Rf8+ 1-0

[Event "Politiken Cup 37th"]
[Site "Helsingor"]
[Date "2015.07.30"]
[Round "7"]
[White "Astrom, Lars"]
[Black "Haug, Johannes"]
[Result "1/2-1/2"]
[WhiteElo "2097"]
[BlackElo "2236"]
[PlyCount "170"]
[EventDate "2015.07.25"]
[EventType "swiss"]
[EventRounds "10"]
[EventCountry "DEN"]
[SourceTitle "CBM 167 Extra"]
[Source "ChessBase"]
[SourceDate "2015.09.14"]
[SourceVersion "1"]
[SourceVersionDate "2015.09.14"]
[SourceQuality "1"]

1. e4 c6 2. d4 d5 3. exd5 cxd5 4. c4 Nf6 5. Nc3 Nc6 6. Bg5 Be6 7. a3 g6 8. c5 Bg7 9. Bb5 0-0 10. Nge2 Ne4 11. Be3 Na5 12. Nxe4 dxe4 13. Nf4 Bb3 14. Qd2 Bc4 15. Qb4 Bxb5 16. Qxb5 Nc6 17. d5 Ne5 18. Rd1 Qc8 19. 0-0 Rb8 20. Qa4 Qf5 21. c6 bxc6 22. dxc6 Rxb2 23. c7 Nd3 24. Nxd3 exd3 25. Qxa7 Be5 26. Bd4 Rc2 27. Bxe5 Qxe5 28. Rxd3 Rxc7 29. Qe3 Qxe3 30. Rxe3 Ra8 31. Ra1 Rca7 32. g3 e6 33. Kf1 Kf8 34. Ke2 Ke7 35. Kd2 Kd6 36. Rf3 f5 37. Rd3+ Kc6 38. Rc1+ Kb5 39. Rb1+ Kc6 40. Rc1+ Kb5 41. Rb3+ Ka4 42. Rb6 Rd7+ 43. Ke2 e5 44. Rcb1 Raa7 45. h4 Rdc7 46. Kf1 Rd7 47. Ke2 Rdc7 48. Kf1 Rd7 49. R6b5 Re7 50. Kg2 e4 51. h5 e3 52. fxe3 Rxe3 53. Rb7 Re7 54. Rxa7+ Rxa7 55. Rb6 gxh5 56. Rf6 Kxa3 57. Rxf5 Kb4 58. Rd5 Kc4 59. Rd1 Rg7 60. Kh3 Kc3 61. Kh4 Rg4+ 62. Kh3 Rg7 63. Rd8 Kc4 64. Rd2 Kc3 65. Rd1 Kc4 66. Rd8 Kc3 67. Rd5 Kc4 68. Rxh5 Kd4 69. Rf5 Ke4 70. g4 Rd7 71. Kh4 Rd6 72. Kg5 h6+ 73. Kh5 Rb6 74. Rf8 Ra6 75. Rh8 Kf3 76. Rf8+ Ke4 77. Kh4 Rb6 78. Kg3 Rb3+ 79. Kf2 Rb2+ 80. Kg3 Rb3+ 81. Kh4 Rb6 82. Kh5 Ra6 83. Rh8 Kf3 84. Rxh6 Rxh6+ 85. Kxh6 Kxg4 1/2-1/2

[Event "Politiken Cup 37th"]
[Site "Helsingor"]
[Date "2015.07.27"]
[Round "4"]
[White "Bijlsma, Nick"]
[Black "Astrom, Lars"]
[Result "1/2-1/2"]
[WhiteElo "2298"]
[BlackElo "2097"]
[PlyCount "118"]
[EventDate "2015.07.25"]
[EventType "swiss"]
[EventRounds "10"]
[EventCountry "DEN"]
[SourceTitle "CBM 167 Extra"]
[Source "ChessBase"]
[SourceDate "2015.09.14"]
[SourceVersion "1"]
[SourceVersionDate "2015.09.14"]
[SourceQuality "1"]

1. e4 c5 2. Nf3 Nc6 3. Nc3 g6 4. d4 cxd4 5. Nxd4 Bg7 6. Nb3 Nf6 7. Be2 0-0 8. 0-0 a6 9. Re1 b5 10. Bf1 d6 11. Bg5 Bb7 12. Nd5 Nd7 13. c3 Re8 14. Qd2 Nb6 15. Rad1 Ne5 16. Qc1 Rc8 17. a3 Nec4 18. g3 Na4 19. Re2 Ncxb2 20. Rxb2 Bxd5 21. exd5 Rxc3 22. Rc2 Rxb3 23. Rd3 Rxd3 24. Bxd3 Nc5 25. Bf1 Qa5 26. Be3 h5 27. Bxc5 dxc5 28. Rxc5 Be5 29. Bd3 Bd6 30. Rc3 Kg7 31. Rb3 Qa4 32. Qc3+ Kg8 33. Bc2 Qc4 34. Qxc4 bxc4 35. Rc3 Rc8 36. Bd3 Bxa3 37. Rxc4 Rxc4 38. Bxc4 a5 39. h3 Kg7 40. Kg2 Kf6 41. f4 g5 42. Kf3 Bd6 43. Bb3 h4 44. fxg5+ Kxg5 45. g4 Kf6 46. Ke4 Bc5 47. Kf4 Bb4 48. g5+ Kg6 49. Bc2+ Kg7 50. Kf5 Bd2 51. Bb3 Be1 52. Bc2 Bg3 53. Bb3 Kf8 54. Ba4 Bf2 55. Bb5 Kg7 56. Bd7 Bc5 57. Be8 Bb4 58. Bd7 f6 59. g6 Bd6 1/2-1/2

[Event "Politiken Cup 37th"]
[Site "Helsingor"]
[Date "2015.07.25"]
[Round "1"]
[White "Astrom, Lars"]
[Black "Skovgaard, Emil"]
[Result "1-0"]
[WhiteElo "2097"]
[BlackElo "1657"]
[PlyCount "77"]
[EventDate "2015.07.25"]
[EventType "swiss"]
[EventRounds "10"]
[EventCountry "DEN"]
[SourceTitle "CBM 167 Extra"]
[Source "ChessBase"]
[SourceDate "2015.09.14"]
[SourceVersion "1"]
[SourceVersionDate "2015.09.14"]
[SourceQuality "1"]

1. e4 e5 2. Nf3 Nc6 3. Bc4 Nf6 4. d3 Bc5 5. 0-0 h6 6. c3 d6 7. Nbd2 0-0 8. h3 Bd7 9. Bb3 Qc8 10. Nh2 Ne7 11. Ndf3 Ng6 12. d4 exd4 13. cxd4 Bb4 14. Qd3 Nh5 15. Qc4 c5 16. a3 Ba5 17. Qd5 Ngf4 18. Bxf4 Nxf4 19. Qxd6 Bc7 20. Qxc5 Bxh3 21. Rac1 Ne2+ 22. Kh1 Bxg2+ 23. Kxg2 Nf4+ 24. Kh1 Qh3 25. Rg1 Rac8 26. Qf5 Qxf5 27. exf5 Ne2 28. Ng4 Nxc1 29. Rxc1 Bf4 30. Rxc8 Rxc8 31. Nfe5 Rc7 32. Nxf7 Rxf7 33. Ne5 Bxe5 34. dxe5 Kf8 35. Bxf7 Kxf7 36. Kg2 g5 37. fxg6+ Kxg6 38. Kg3 Kf5 39. f4 1-0

[Event "Politiken Cup 36th"]
[Site "Helsingor"]
[Date "2014.07.28"]
[Round "9"]
[White "Astrom, Lars"]
[Black "Skou, Niels"]
[Result "1-0"]
[WhiteElo "1939"]
[BlackElo "2141"]
[PlyCount "61"]
[EventDate "2014.07.21"]
[EventType "swiss"]
[EventRounds "10"]
[EventCountry "DEN"]
[SourceTitle "CBM 161 Extra"]
[Source "ChessBase"]
[SourceDate "2014.08.29"]
[SourceVersion "1"]
[SourceVersionDate "2014.08.29"]
[SourceQuality "1"]

1. e4 d6 2. d4 g6 3. Nf3 Bg7 4. Bc4 e6 5. Bb3 b6 6. 0-0 Ne7 7. Re1 0-0 8. Nbd2 Nd7 9. Nf1 Bb7 10. Ng3 c5 11. c3 Rc8 12. h4 h6 13. Be3 Nf6 14. Bc2 Ng4 15. h5 Nxe3 16. Rxe3 f5 17. exf5 exf5 18. Re1 g5 19. dxc5 bxc5 20. Re6 d5 21. Qe2 Rc7 22. Re1 f4 23. Rxe7 Rxe7 24. Qxe7 fxg3 25. Qe6+ Kh8 26. Qg6 Kg8 27. Qh7+ Kf7 28. Qg6+ Kg8 29. fxg3 d4 30. Qh7+ Kf7 31. Ne5+ 1-0

[Event "Politiken Cup 36th"]
[Site "Helsingor"]
[Date "2014.07.27"]
[Round "8"]
[White "Skjoldager, Mikael"]
[Black "Astrom, Lars"]
[Result "0-1"]
[WhiteElo "2078"]
[BlackElo "1939"]
[PlyCount "118"]
[EventDate "2014.07.21"]
[EventType "swiss"]
[EventRounds "10"]
[EventCountry "DEN"]
[SourceTitle "CBM 161 Extra"]
[Source "ChessBase"]
[SourceDate "2014.08.29"]
[SourceVersion "1"]
[SourceVersionDate "2014.08.29"]
[SourceQuality "1"]

1. e4 c5 2. Nf3 Nc6 3. d4 cxd4 4. Nxd4 g6 5. c4 Bg7 6. Be3 Nf6 7. Nc3 Ng4 8. Nxc6 Nxe3 9. Nxd8 Nxd1 10. Nxd1 Kxd8 11. Rc1 b6 12. c5 Bb7 13. Rc4 Ba6 14. Ra4 Bxf1 15. Rxf1 bxc5 16. b3 Bd4 17. Ke2 d6 18. Ne3 Bxe3 19. Kxe3 Kd7 20. Rc1 Rhb8 21. Ra5 a6 22. Rc4 Rb5 23. Rca4 Rxa5 24. Rxa5 Kc6 25. h4 Kb6 26. Ra4 a5 27. g4 Rh8 28. f4 h5 29. g5 e6 30. Kd3 Kb5 31. f5 e5 32. f6 Rd8 33. Rc4 Ra8 34. Ra4 Ra7 35. Kc3 Rb7 36. Kd3 Rd7 37. Rc4 Rd8 38. Ke3 Rb8 39. Ra4 Ka6 40. Rc4 Rb4 41. Kd3 Kb5 42. Rc1 Rd4+ 43. Ke3 Kb4 44. Rc2 Rd1 45. Ke2 Rh1 46. Kf3 Rh3+ 47. Kg2 Rxh4 48. Rd2 Rxe4 49. Rxd6 Rg4+ 50. Kh3 Rxg5 51. Rd7 Ka3 52. Rxf7 Kxa2 53. Rb7 Rf5 54. f7 e4 55. Kg3 e3 56. Re7 Ka3 57. b4 cxb4 58. Rxe3+ b3 59. Rf3 Rxf7 0-1

[Event "Politiken Cup 36th"]
[Site "Helsingor"]
[Date "2014.07.23"]
[Round "4"]
[White "Leutwyler, Martin"]
[Black "Astrom, Lars"]
[Result "1/2-1/2"]
[WhiteElo "2190"]
[BlackElo "1939"]
[PlyCount "219"]
[EventDate "2014.07.21"]
[EventType "swiss"]
[EventRounds "10"]
[EventCountry "DEN"]
[SourceTitle "CBM 161 Extra"]
[Source "ChessBase"]
[SourceDate "2014.08.29"]
[SourceVersion "1"]
[SourceVersionDate "2014.08.29"]
[SourceQuality "1"]

1. d4 d5 2. c4 c6 3. Nf3 Nf6 4. e3 Bf5 5. Nc3 e6 6. Nh4 Bg6 7. Nxg6 hxg6 8. a3 Bd6 9. g3 Nbd7 10. b3 Qc7 11. Bg2 0-0 12. 0-0 Rac8 13. Bd2 Qb8 14. c5 Be7 15. f4 b6 16. b4 a5 17. g4 axb4 18. axb4 Qb7 19. g5 Nh7 20. h4 Ra8 21. Rb1 Ra3 22. e4 Rb8 23. f5 gxf5 24. exf5 exf5 25. b5 Rxc3 26. bxc6 Qxc6 27. Bxc3 bxc5 28. Rxb8+ Nxb8 29. Rxf5 Qe6 30. Re5 Qd6 31. Rxd5 Qc7 32. dxc5 Bxc5+ 33. Bd4 Nd7 34. Bxc5 Nxc5 35. Qc2 Ne6 36. Qxc7 Nxc7 37. Ra5 Nf8 38. Kf2 Nce6 39. Kg3 Nd7 40. Bh3 Ndf8 41. Kf3 Nd4+ 42. Ke4 Nde6 43. Bxe6 Nxe6 44. Ke5 Kh7 45. Ra6 Nf8 46. h5 f6+ 47. Kf5 fxg5 48. Kxg5 Kg8 49. Kf5 Kf7 50. Ra7+ Kg8 51. Ke5 Kh7 52. Rf7 Kg8 53. Re7 Kh7 54. Rf7 Kg8 55. Rb7 Kh7 56. Kf5 Kg8 57. Rb8 Kf7 58. Rb7+ Kg8 59. h6 gxh6 60. Kf6 Nh7+ 61. Kg6 Nf8+ 62. Kxh6 Ne6 63. Re7 Nf8 64. Rg7+ Kh8 65. Rg1 Nh7 66. Rg6 Nf8 67. Rg3 Nh7 68. Ra3 Nf8 69. Ra7 Kg8 70. Kg5 Nh7+ 71. Kg6 Nf8+ 72. Kf5 Nh7 73. Rb7 Nf8 74. Rb8 Kf7 75. Rb7+ Kg8 76. Kf6 Nh7+ 77. Kg6 Nf8+ 78. Kh6 Ne6 79. Re7 Nf8 80. Rg7+ Kh8 81. Rg2 Nh7 82. Rg4 Nf8 83. Rg7 Ne6 84. Rd7 Kg8 85. Re7 Nf8 86. Kg5 Nh7+ 87. Kf5 Nf8 88. Rb7 Nh7 89. Ke6 Nf8+ 90. Ke7 Kg7 91. Ke8+ Kg8 92. Rb1 Ng6 93. Rb7 Nf8 94. Rf7 Ng6 95. Rf1 Kg7 96. Rf5 Nh4 97. Rf1 Ng6 98. Kd7 Nf8+ 99. Ke7 Ng6+ 100. Ke6 Nf8+ 101. Kf5 Kf7 102. Ra1 Kg7 103. Ra8 Kf7 104. Rb8 Kg7 105. Rb7+ Kg8 106. Kf6 Nh7+ 107. Kg6 Nf8+ 108. Kh6 Ne6 109. Re7 Nf8 110. Rg7+ 1/2-1/2

[Event "Politiken Cup 36th"]
[Site "Helsingor"]
[Date "2014.07.21"]
[Round "1"]
[White "Astrom, Lars"]
[Black "Schroeder, Jan Christian"]
[Result "0-1"]
[WhiteElo "1939"]
[BlackElo "2370"]
[PlyCount "72"]
[EventDate "2014.07.21"]
[EventType "swiss"]
[EventRounds "10"]
[EventCountry "DEN"]
[SourceTitle "CBM 161 Extra"]
[Source "ChessBase"]
[SourceDate "2014.08.29"]
[SourceVersion "1"]
[SourceVersionDate "2014.08.29"]
[SourceQuality "1"]

1. e4 e5 2. Nf3 Nc6 3. Bc4 Nf6 4. d3 Be7 5. 0-0 0-0 6. c3 d6 7. Re1 Na5 8. Bb5 a6 9. Ba4 b5 10. Bc2 c5 11. Nbd2 Nc6 12. Nf1 Be6 13. Ng3 Rc8 14. Bg5 h6 15. Be3 d5 16. a4 Qc7 17. Qe2 d4 18. axb5 axb5 19. Bd2 c4 20. Nh4 Rfd8 21. Nhf5 dxc3 22. bxc3 Qd7 23. Ra6 Bf8 24. Qf3 cxd3 25. Bb1 b4 26. Nxh6+ gxh6 27. Qxf6 Bg7 28. Qf3 bxc3 29. Bxc3 Bg4 30. Qe3 d2 31. Bxd2 Qxd2 32. Qxd2 Rxd2 33. Ra2 Rcd8 34. Nf5 Rd1 35. Kf1 Rxe1+ 36. Kxe1 Rd1# 0-1

[Event "Deltalift op"]
[Site "Halmstad"]
[Date "2014.05.29"]
[Round "4"]
[White "Astrom, Lars"]
[Black "Kockum, Anton Frisk"]
[Result "1/2-1/2"]
[WhiteElo "1937"]
[BlackElo "2326"]
[PlyCount "151"]
[EventDate "2014.03.29"]
[EventType "swiss"]
[EventRounds "8"]
[EventCountry "SWE"]
[SourceTitle "EXT 2015"]
[Source "ChessBase"]
[SourceDate "2014.11.20"]
[SourceVersion "1"]
[SourceVersionDate "2014.11.20"]
[SourceQuality "1"]

1. e4 c5 2. c3 d5 3. exd5 Qxd5 4. d4 g6 5. Nf3 Bg7 6. Be2 cxd4 7. cxd4 Nf6 8. Nc3 Qa5 9. 0-0 0-0 10. h3 Nc6 11. Be3 Nd5 12. Nxd5 Qxd5 13. Qa4 Bd7 14. Rad1 Rad8 15. Qc4 Be6 16. Qxd5 Bxd5 17. a3 b6 18. Rfe1 Bb3 19. Rd3 Bc4 20. Rc3 Bxe2 21. Rxe2 Rd6 22. Bf4 Nxd4 23. Nxd4 Rxd4 24. Be5 Rd1+ 25. Kh2 Bxe5+ 26. Rxe5 e6 27. Rc7 Rd2 28. Kg3 Rxb2 29. Rxa7 Rc8 30. Re3 Rc5 31. Rf3 Rg5+ 32. Kh2 Rf5 33. Rxf5 gxf5 34. Kg3 Kg7 35. Kf3 Kg6 36. g3 Rb3+ 37. Kg2 h5 38. h4 f4 39. a4 f3+ 40. Kh3 Rb2 41. g4 hxg4+ 42. Kxg4 Rxf2 43. Kg3 Rf1 44. Ra6 f2 45. Rxb6 Ra1 46. Kxf2 Rxa4 47. Kg3 Kf5 48. Rb7 Ra3+ 49. Kg2 f6 50. Rg7 Ra4 51. Kg3 Ra1 52. Kg2 e5 53. h5 Ra8 54. h6 Rh8 55. h7 Ke6 56. Kg3 f5 57. Rb7 Kf6 58. Ra7 Kg6 59. Re7 e4 60. Kf4 Rxh7 61. Re6+ Kf7 62. Ra6 Rh5 63. Rb6 Ke7 64. Ra6 Kf7 65. Rb6 Kg7 66. Rb7+ Kf6 67. Rb6+ Ke7 68. Ra6 Kd7 69. Rb6 Kc7 70. Ra6 Kd7 71. Rb6 Rh8 72. Kxf5 Re8 73. Kf4 e3 74. Rb1 Kd6 75. Re1 Kd5 76. Rxe3 1/2-1/2

[Event "Malmo op"]
[Site "Malmo"]
[Date "2013.12.14"]
[Round "5"]
[White "Astrom, Lars"]
[Black "Ask, Josef"]
[Result "1/2-1/2"]
[WhiteElo "1966"]
[BlackElo "2209"]
[PlyCount "83"]
[EventDate "2013.12.13"]
[EventType "swiss"]
[EventRounds "7"]
[EventCountry "SWE"]
[SourceTitle "CBM 157 Extra"]
[Source "ChessBase"]
[SourceDate "2013.12.19"]
[SourceVersion "1"]
[SourceVersionDate "2013.12.19"]
[SourceQuality "1"]

1. e4 e6 2. d4 d5 3. Nd2 Nf6 4. e5 Nfd7 5. f4 c5 6. c3 Nc6 7. Ndf3 Be7 8. Bd3 cxd4 9. cxd4 Qb6 10. Ne2 f6 11. a3 0-0 12. b4 fxe5 13. fxe5 Rxf3 14. gxf3 Bh4+ 15. Kf1 Ndxe5 16. Kg2 Nxf3 17. Kxf3 e5 18. Kg2 Bg4 19. Rf1 e4 20. Be3 Ne5 21. Bxe4 dxe4 22. Qb3+ Kh8 23. dxe5 Qg6 24. Ng3 Bf3+ 25. Rxf3 exf3+ 26. Kxf3 Rf8+ 27. Ke2 Qg4+ 28. Kd2 Rd8+ 29. Kc2 Bxg3 30. hxg3 Qe2+ 31. Kb1 Rd3 32. Qc2 Qxc2+ 33. Kxc2 Rxe3 34. Rd1 h5 35. Rd7 Rxg3 36. e6 Re3 37. e7 Kh7 38. Rxb7 h4 39. Rxa7 h3 40. Rd7 h2 41. Rd3 h1Q 42. Rxe3 1/2-1/2

[Event "Travemuende op 29th"]
[Site "Travemuende"]
[Date "2012.12.27"]
[Round "1"]
[White "Astrom, Lars"]
[Black "Ritscher, Jan Paul"]
[Result "1/2-1/2"]
[WhiteElo "1931"]
[BlackElo "2264"]
[PlyCount "106"]
[EventDate "2012.12.27"]
[EventType "swiss"]
[EventRounds "7"]
[EventCountry "GER"]
[SourceTitle "CBM 152 Extra"]
[Source "ChessBase"]
[SourceDate "2013.02.25"]
[SourceVersion "1"]
[SourceVersionDate "2013.02.25"]
[SourceQuality "1"]

1. e4 Nf6 2. e5 Nd5 3. d4 d6 4. Nf3 Bg4 5. Be2 e6 6. 0-0 Be7 7. h3 Bh5 8. c4 Nb6 9. Be3 0-0 10. Nc3 d5 11. b3 Bb4 12. Rc1 dxc4 13. bxc4 Nc6 14. Ne4 Bg6 15. Ng3 Qd7 16. h4 h6 17. Qb3 Be7 18. Rfd1 Na5 19. Qc3 Qa4 20. h5 Bh7 21. d5 Ba3 22. Bd2 Bxc1 23. Rxc1 Naxc4 24. Bxc4 exd5 25. Bb3 Qa3 26. Be3 Rfd8 27. e6 fxe6 28. Qe5 Qd6 29. Rxc7 Qxe5 30. Nxe5 Rac8 31. Rxb7 Nc4 32. Bd4 Nd6 33. Rxa7 Nb5 34. Ra4 Nxd4 35. Rxd4 Bc2 36. Ne2 Rf8 37. Nf4 Bxb3 38. axb3 Rc1+ 39. Kh2 Re1 40. Nfg6 Rb8 41. Ra4 Rb1 42. Ra6 Re8 43. Rb6 d4 44. Rd6 Rxb3 45. Rxd4 Rb7 46. Rd6 Rb2 47. Kg3 Rb3+ 48. f3 Rb5 49. Nc6 Rxh5 50. Nf4 Rg5+ 51. Kf2 e5 52. Nd5 Rh5 53. Nc3 Rh1 1/2-1/2

[Event "SWE-chT2 1213"]
[Site "Sweden"]
[Date "2012.10.20"]
[Round "1"]
[White "Astrom, Lars"]
[Black "Sjogren, Stig"]
[Result "1-0"]
[WhiteElo "1933"]
[BlackElo "1822"]
[PlyCount "69"]
[EventDate "2012.10.20"]
[EventType "team-tourn"]
[EventRounds "9"]
[EventCountry "SWE"]
[SourceTitle "EXT 2015"]
[Source "ChessBase"]
[SourceDate "2014.11.20"]
[SourceVersion "1"]
[SourceVersionDate "2014.11.20"]
[SourceQuality "1"]
[WhiteTeam "Limhamn II"]
[BlackTeam "Orebro"]
[WhiteTeamCountry "SWE"]
[BlackTeamCountry "SWE"]

1. e4 e5 2. Nf3 Nc6 3. Bc4 Nf6 4. d3 Be7 5. 0-0 d6 6. c3 0-0 7. Nbd2 Na5 8. Bb5 a6 9. Ba4 b5 10. Bc2 c5 11. h3 Nc6 12. Re1 Re8 13. Nf1 Bf8 14. Ng3 g6 15. d4 cxd4 16. cxd4 exd4 17. Nxd4 Bb7 18. Nxc6 Bxc6 19. Bd2 Bg7 20. Bc3 d5 21. e5 Nd7 22. f4 Qh4 23. Ne2 Rac8 24. Qd2 Nc5 25. Nd4 Bh6 26. Nxc6 Rxc6 27. Qxd5 Rec8 28. f5 Bf4 29. e6 fxe6 30. fxe6 Rd6 31. Qf3 Re8 32. e7 b4 33. Bxb4 Bh2+ 34. Kxh2 Qxb4 35. Rf1 1-0

[Event "Politiken Cup 33rd"]
[Site "Helsingor"]
[Date "2011.08.03"]
[Round "6"]
[White "Astrom, Lars"]
[Black "Mortensen, Henrik"]
[Result "1-0"]
[WhiteElo "1871"]
[BlackElo "2024"]
[PlyCount "47"]
[EventDate "2011.07.30"]
[EventType "swiss"]
[EventRounds "10"]
[EventCountry "DEN"]
[SourceTitle "CBM 143 Extra"]
[Source "ChessBase"]
[SourceDate "2011.08.29"]
[SourceVersion "1"]
[SourceVersionDate "2011.08.29"]
[SourceQuality "1"]

1. e4 Nf6 2. e5 Nd5 3. d4 d6 4. Nf3 Bg4 5. Be2 c6 6. 0-0 Bxf3 7. Bxf3 dxe5 8. dxe5 e6 9. c4 Ne7 10. Qe2 Ng6 11. Nc3 Nd7 12. Bh5 Qc7 13. f4 0-0-0 14. Be3 Be7 15. Rab1 Rhf8 16. b4 Nh4 17. Rfc1 Nxe5 18. Nb5 cxb5 19. cxb5 Nc6 20. bxc6 b6 21. a4 g6 22. Qa6+ Kb8 23. a5 b5 24. Bb6 1-0

[Event "Politiken Cup 33rd"]
[Site "Helsingor"]
[Date "2011.07.31"]
[Round "2"]
[White "Astrom, Lars"]
[Black "Lindgaard, Tobias Simon"]
[Result "1-0"]
[WhiteElo "1871"]
[BlackElo "1434"]
[PlyCount "59"]
[EventDate "2011.07.30"]
[EventType "swiss"]
[EventRounds "10"]
[EventCountry "DEN"]
[SourceTitle "CBM 143 Extra"]
[Source "ChessBase"]
[SourceDate "2011.08.29"]
[SourceVersion "1"]
[SourceVersionDate "2011.08.29"]
[SourceQuality "1"]

1. e4 d5 2. exd5 Qxd5 3. Nc3 Qa5 4. Nf3 Nf6 5. d4 c6 6. Be2 Bf5 7. 0-0 e6 8. Re1 Bb4 9. Bd2 Nbd7 10. a3 Bxc3 11. Bxc3 Qb6 12. b3 Rd8 13. Bb2 0-0 14. Nh4 Bg6 15. Nxg6 hxg6 16. Bf3 e5 17. d5 e4 18. Bxe4 Nxe4 19. Rxe4 Nf6 20. Bxf6 Rxd5 21. Qf3 gxf6 22. Qxf6 Rf5 23. Qd4 Qxd4 24. Rxd4 a6 25. Re1 Rc8 26. Rd7 Rb5 27. Ree7 Rf8 28. b4 c5 29. c4 Rb6 30. Rxb7 1-0

[Event "Politiken Cup 32nd"]
[Site "Copenhagen"]
[Date "2010.08.08"]
[Round "10"]
[White "Nielsen, Borge Hjerrild"]
[Black "Astrom, Lars"]
[Result "1-0"]
[WhiteElo "2067"]
[BlackElo "1795"]
[PlyCount "95"]
[EventDate "2010.07.31"]
[EventType "swiss"]
[EventRounds "10"]
[EventCountry "DEN"]
[SourceTitle "CBM 137 Extra"]
[Source "ChessBase"]
[SourceDate "2010.09.01"]
[SourceVersion "1"]
[SourceVersionDate "2010.09.01"]
[SourceQuality "1"]

1. d4 d5 2. c4 e6 3. Nc3 Nf6 4. Bg5 Nbd7 5. cxd5 exd5 6. e3 c6 7. Nf3 Qa5 8. Nd2 Bb4 9. Qc2 0-0 10. Bd3 Re8 11. 0-0 a6 12. Rfc1 Bd6 13. Bh4 Qc7 14. Bg3 c5 15. dxc5 Nxc5 16. Nxd5 Nxd5 17. Bxd6 Qxd6 18. Qxc5 Qxc5 19. Rxc5 Rd8 20. Nf3 b6 21. Rxd5 Rxd5 22. Be4 Be6 23. Bxd5 Bxd5 24. Nd4 Rc8 25. f3 Kf8 26. e4 Be6 27. Kf2 Ke7 28. Ke3 a5 29. a3 h5 30. h4 g6 31. Rd1 a4 32. Nb5 Rc5 33. Nc3 Bb3 34. Rd4 b5 35. f4 Bc4 36. g3 Ke6 37. Rd8 Rc7 38. Nd5 Rd7 39. Rxd7 Kxd7 40. Nb6+ Kc6 41. Nxc4 bxc4 42. Kd4 Kb5 43. Kd5 f6 44. e5 fxe5 45. fxe5 g5 46. hxg5 h4 47. gxh4 c3 48. bxc3 1-0

[Event "Politiken Cup 32nd"]
[Site "Copenhagen"]
[Date "2010.08.04"]
[Round "6"]
[White "Bjorneboe, Kristian"]
[Black "Astrom, Lars"]
[Result "1/2-1/2"]
[WhiteElo "1979"]
[BlackElo "1795"]
[PlyCount "86"]
[EventDate "2010.07.31"]
[EventType "swiss"]
[EventRounds "10"]
[EventCountry "DEN"]
[SourceTitle "CBM 137 Extra"]
[Source "ChessBase"]
[SourceDate "2010.09.01"]
[SourceVersion "1"]
[SourceVersionDate "2010.09.01"]
[SourceQuality "1"]

1. d4 d5 2. Nf3 Nf6 3. e3 c6 4. Bd3 Bg4 5. Nbd2 e6 6. c3 Bd6 7. e4 dxe4 8. Nxe4 Nxe4 9. Bxe4 Nd7 10. h3 Bh5 11. Qe2 Nf6 12. Bc2 0-0 13. Bg5 Be7 14. 0-0 Qd5 15. g4 Bg6 16. Bb3 Qa5 17. Ne5 Nd5 18. Bxe7 Nxe7 19. f4 Qc7 20. Rae1 Rae8 21. Qf2 Qd6 22. Kg2 Nd5 23. a3 f5 24. Nxg6 hxg6 25. g5 Kf7 26. Re5 Rh8 27. Rfe1 Qd7 28. c4 Nc7 29. Qc2 Qxd4 30. Kg3 Qb6 31. Ba2 c5 32. Qf2 Rh5 33. Qxc5 Qxb2 34. Qxc7+ Re7 35. Qd6 Qxa2 36. Rxe6 Qb3+ 37. R1e3 Qxe3+ 38. Rxe3 Rxe3+ 39. Kf2 Rhxh3 40. Qd5+ Kf8 41. Qd6+ Kf7 42. Qd5+ Kf8 43. Qd6+ Kf7 1/2-1/2

[Event "Politiken Cup 32nd"]
[Site "Copenhagen"]
[Date "2010.08.03"]
[Round "5"]
[White "Astrom, Lars"]
[Black "Hvenekilde, Jorgen"]
[Result "0-1"]
[WhiteElo "1795"]
[BlackElo "2111"]
[PlyCount "52"]
[EventDate "2010.07.31"]
[EventType "swiss"]
[EventRounds "10"]
[EventCountry "DEN"]
[SourceTitle "CBM 137 Extra"]
[Source "ChessBase"]
[SourceDate "2010.09.01"]
[SourceVersion "1"]
[SourceVersionDate "2010.09.01"]
[SourceQuality "1"]

1. e4 e6 2. d4 d5 3. Nd2 Nf6 4. e5 Nfd7 5. Bd3 c5 6. c3 Nc6 7. Ne2 cxd4 8. cxd4 Nb4 9. Bb1 a5 10. 0-0 Nb6 11. f4 g6 12. Nf3 Bd7 13. a3 Nc6 14. b3 a4 15. b4 Na7 16. Nc3 Bb5 17. Rf2 Qd7 18. g4 Rc8 19. Nxb5 Nxb5 20. f5 gxf5 21. gxf5 Rg8+ 22. Kh1 Nc3 23. fxe6 Nxd1 24. exd7+ Nxd7 25. Rf1 Rxc1 26. Bxh7 Nf2# 0-1